[Event "34.Schlosspark-Open"]
[Site "Wiesbaden-Biebrich"]
[Date "2025.08.29"]
[Round "2.26"]
[White "Martin, Reiner"]
[Black "Sreeramulu, Aarush"]
[Result "0-1"]
[WhiteElo "1954"]
[BlackElo "2115"]
[PlyCount "146"]
[EventDate "2025.08.28"]
[WhiteTeam "SC Bad Soden"]
[BlackTeam "SK Marburg 1931/72"]

1. d4 d5 2. c4 c6 3. Nc3 Nf6 4. e3 Bf5 5. Qb3 Qb6 6. cxd5 Qxb3 7. axb3 Nxd5 8. Nxd5 cxd5 9. Bd2 Nc6 10. Nf3 a6 11. b4 e6 12. b5 Nb4 13. Bxb4 Bxb4+ 14. Kd1 a5 15. Nh4 Bg4+ 16. f3 Bh5 17. g4 Bg6 18. Rc1 Kd7 19. b6 Rac8 20. Bb5+ Ke7 21. Nxg6+ hxg6 22. Rxc8 Rxc8 23. h4 Bd6 24. Kd2 Bb4+ 25. Kd3 Bd6 26. Kd2 Rh8 27. h5 gxh5 28. Rxh5 Bb4+ 29. Kd1 Rd8 30. Rh7 Rd6 31. Rxg7 Rxb6 32. Bd3 Bd6 33. Kc2 Rc6+ 34. Kd2 Rb6 35. Kc3 Rc6+ 36. Kd2 Rb6 37. Kc3 Bb4+ 38. Kc2 Rc6+ 39. Kd1 Kf8 40. Rh7 Be7 41. Rh2 Rb6 42. Rc2 Rb3 43. Ke2 Kg7 44. Kd2 a4 45. Be2 Bb4+ 46. Kd1 Rxe3 47. Rc7 Rb3 48. Kc2 Ba5 49. Rc5 Bb6 50. Rb5 Bxd4 51. Rxb3 axb3+ 52. Kxb3 Kf6 53. Kc2 Ke5 54. b3 Kf4 55. Kd3 Be5 56. Bd1 b5 57. Be2 Kg3 58. Kd2 b4 59. Ke1 Bc3+ 60. Kf1 Kf4 61. Kf2 Bd4+ 62. Kg2 Ke3 63. Bb5 Bc3 64. Be8 d4 65. Bxf7 d3 66. Bg6 d2 67. Bc2 Ke2 68. f4 d1=Q 69. Bxd1+ Kxd1 70. f5 exf5 71. gxf5 Kc2 72. Kf3 Kxb3 73. Ke2 Kc2 0-1

[Event "34.Schlosspark-Open"]
[Site "Wiesbaden-Biebrich"]
[Date "2025.08.29"]
[Round "2.27"]
[White "Pauls, Wilhelm"]
[Black "Vranckx, Oscar"]
[Result "1/2-1/2"]
[WhiteElo "1941"]
[BlackElo "2107"]
[PlyCount "73"]
[EventDate "2025.08.28"]
[WhiteTeam "Sportgemeinschaft Kaarst 1912/35"]
[BlackTeam "Sfr.Mainz 1928"]

1. e4 c5 2. Nf3 Nc6 3. Bb5 e6 4. O-O Nge7 5. c3 a6 6. Bxc6 Nxc6 7. d4 cxd4 8. cxd4 d5 9. exd5 Qxd5 10. Nc3 Qh5 11. d5 Nb4 12. Re1 Be7 13. d6 Bf6 14. a3 Bxc3 15. bxc3 Nc6 16. Rb1 Qc5 17. a4 Rb8 18. Qd3 Bd7 19. Be3 Qa5 20. Bb6 Qxa4 21. Bc7 O-O 22. Bxb8 Rxb8 23. Ng5 Qh4 24. Ne4 Qh5 25. Qc4 Rc8 26. Rxb7 Na5 27. Qxa6 Nxb7 28. Qxb7 Qb5 29. Rb1 Qa4 30. h3 f5 31. Rb4 Qc6 32. Qxc6 Rxc6 33. Rb7 fxe4 34. Rxd7 Rxc3 35. Re7 Kf8 36. Rxe6 Rd3 37. Rxe4 1/2-1/2

[Event "34.Schlosspark-Open"]
[Site "Wiesbaden-Biebrich"]
[Date "2025.08.29"]
[Round "2.28"]
[White "Pohle, Dirk"]
[Black "Shanawaz Thabrez, Shahzaib"]
[Result "1-0"]
[WhiteElo "2101"]
[BlackElo "1899"]
[PlyCount "87"]
[EventDate "2025.08.28"]
[WhiteTeam "Langenfelder Schachfreunde 1933"]
[BlackTeam "SK Langen"]

1. e4 e5 2. Nf3 Nc6 3. Bc4 Nf6 4. d3 Bc5 5. c3 d6 6. b4 Bb6 7. Bb3 a5 8. b5 Ne7 9. Be3 c6 10. bxc6 Bxe3 11. cxb7 Bxb7 12. fxe3 O-O 13. Nbd2 Qc7 14. c4 Qb6 15. Qe2 a4 16. Bd1 Nd7 17. Rb1 Qc7 18. O-O f5 19. Ng5 Rf6 20. exf5 Nxf5 21. Nde4 Bxe4 22. Nxe4 Rff8 23. Nc3 Nc5 24. Nd5 Qd8 25. Bc2 Qg5 26. d4 Nxd4 27. exd4 exd4 28. Rxf8+ Rxf8 29. Rd1 Qe5 30. Qd2 Qh5 31. Qxd4 Qe2 32. Bb1 Ne6 33. Qd3 Qf2+ 34. Kh1 Ng5 35. Nc3 Qh4 36. Rf1 Re8 37. Qd5+ Kh8 38. g3 Qh5 39. Ne4 Qe2 40. Bd3 Qxf1+ 41. Bxf1 Nxe4 42. Qc6 g6 43. g4 g5 44. Qxe4 1-0

[Event "34.Schlosspark-Open"]
[Site "Wiesbaden-Biebrich"]
[Date "2025.08.29"]
[Round "2.29"]
[White "Böhnke, Marc"]
[Black "Barbanera, Fabrizio"]
[Result "0-1"]
[WhiteElo "1921"]
[BlackElo "2098"]
[PlyCount "110"]
[EventDate "2025.08.28"]
[WhiteTeam "Schachfreunde Eltville"]
[BlackTeam "SC Neumühl"]

1. d4 Nf6 2. c4 e5 3. dxe5 Ng4 4. Nf3 Bc5 5. e3 Nc6 6. Nc3 O-O 7. Be2 Re8 8. O-O Ncxe5 9. b3 a5 10. Bb2 Ra6 11. Ne4 Bf8 12. Nd4 Qh4 13. h3 Nxe3 14. fxe3 Qxe4 15. Qd2 Bb4 16. Qc1 Rg6 17. Rf2 d6 18. Kh2 Nd3 19. Bxd3 Qxd3 20. Qf1 Qxf1 21. Raxf1 Re7 22. e4 Bc5 23. Rf4 Bxd4 24. Bxd4 Rge6 25. Rg4 f6 26. Bc3 b6 27. Rff4 Kf7 28. Kg1 h5 29. Rg3 Rxe4 30. Rxe4 Rxe4 31. Kf2 Bb7 32. Rd3 Rf4+ 33. Kg3 Rf5 34. Rd2 Rg5+ 35. Kh2 Rf5 36. Kg3 Bc6 37. h4 Rf1 38. Re2 Rd1 39. Bb2 Rf1 40. Bd4 Rd1 41. Bb2 a4 42. Kf4 axb3 43. axb3 Rd3 44. b4 Rb3 45. b5 Bb7 46. Rc2 Rb4 47. Ke3 Bc8 48. Kd4 Bf5 49. Rf2 Be6 50. Rc2 d5 51. Bc1 dxc4 52. Bf4 Rxb5 53. Bxc7 Rb3 54. g3 Rd3+ 55. Ke4 Bd5+ 0-1

[Event "34.Schlosspark-Open"]
[Site "Wiesbaden-Biebrich"]
[Date "2025.08.29"]
[Round "2.30"]
[White "Pradeep, Harshill"]
[Black "Kalina, Lena"]
[Result "1-0"]
[WhiteElo "1981"]
[BlackElo "1891"]
[PlyCount "63"]
[EventDate "2025.08.28"]
[WhiteTeam "SK Bickenbach"]
[BlackTeam "SC Landskrone"]

1. e4 c5 2. Nf3 Nc6 3. Bb5 g6 4. O-O Bg7 5. Bxc6 dxc6 6. d3 Nf6 7. Re1 O-O 8. a4 b6 9. a5 Bb7 10. e5 Nd5 11. Nc3 Qc7 12. Bd2 Rad8 13. Qc1 Bc8 14. h3 Be6 15. Bh6 Nxc3 16. bxc3 c4 17. Bxg7 Kxg7 18. Nd4 cxd3 19. cxd3 Bd5 20. Qg5 Qd7 21. axb6 axb6 22. e6 fxe6 23. c4 Bxc4 24. Nxc6 Qxc6 25. Qxe7+ Kh6 26. Qh4+ Kg7 27. Ra7+ Rf7 28. Rxf7+ Kxf7 29. Qxd8 Bd5 30. Ra1 Qb7 31. Qh8 h5 32. Ra7 1-0

[Event "34.Schlosspark-Open"]
[Site "Wiesbaden-Biebrich"]
[Date "2025.08.29"]
[Round "2.31"]
[White "Burkhardt, Jan"]
[Black "Hoffmann, Jens"]
[Result "1-0"]
[WhiteElo "1915"]
[BlackElo "2088"]
[PlyCount "55"]
[EventDate "2025.08.28"]
[WhiteTeam "Sfr.Mainz 1928"]
[BlackTeam "SF HN-Biberach 1978 e.V."]

1. e4 c5 2. Nc3 a6 3. f4 b5 4. Nf3 Bb7 5. d3 e6 6. Ne2 d5 7. Ng3 h5 8. h4 dxe4 9. Nxe4 Nf6 10. Nfg5 Qd4 11. c3 Qd5 12. Be2 Be7 13. Bf3 Qd7 14. Be3 Nd5 15. Bxc5 Nxf4 16. d4 g6 17. O-O Nc6 18. g3 Nd5 19. Qd3 f6 20. Nxf6+ Nxf6 21. Qxg6+ Kd8 22. Nf7+ Kc7 23. Nxh8 Rxh8 24. Bxe7 Qxe7 25. Bxc6 Rg8 26. Qxf6 Rxg3+ 27. Kh2 Qd6 28. Qe5 1-0

[Event "34.Schlosspark-Open"]
[Site "Wiesbaden-Biebrich"]
[Date "2025.08.29"]
[Round "2.32"]
[White "Faulhaber, Tobias"]
[Black "Dietze, Frank"]
[Result "0-1"]
[WhiteElo "1913"]
[BlackElo "2083"]
[PlyCount "104"]
[EventDate "2025.08.28"]
[WhiteTeam "SC Schifferstadt"]
[BlackTeam "Wiesbadener SV 1885"]

1. e4 c5 2. Nf3 d6 3. d4 cxd4 4. Nxd4 Nf6 5. Nc3 a6 6. h3 e5 7. Nb3 Be6 8. g3 b5 9. Bg2 Be7 10. O-O O-O 11. Be3 Nbd7 12. Nd5 Nxd5 13. exd5 Bf5 14. f4 Rc8 15. c3 exf4 16. Bxf4 Bg6 17. Nd4 Nb6 18. Nc6 Qd7 19. Qd4 Bd8 20. Rae1 Nc4 21. Nxd8 Qxd8 22. Rf2 f6 23. Qa7 Ra8 24. Qe7 Qb6 25. Be3 Qb8 26. Qe6+ Kh8 27. Qg4 Ne5 28. Qd4 Nd3 29. Rfe2 Nxe1 30. Rxe1 Re8 31. Kf2 Kg8 32. h4 Qc8 33. Bf4 Rxe1 34. Kxe1 Qc7 35. Bh3 Re8+ 36. Kf2 Re4 37. Qd2 Kf8 38. Kf3 f5 39. Bf1 Bh5+ 40. Kg2 Bg4 41. Bd3 Re8 42. Qf2 Kg8 43. a4 Qb7 44. c4 bxc4 45. Bxc4 Qb4 46. b3 h6 47. Qd2 Qb6 48. a5 Qb8 49. Qd3 Re2+ 50. Kg1 Qa7+ 51. Kh1 Qf2 52. Bxd6 Qh2# 0-1

[Event "34.Schlosspark-Open"]
[Site "Wiesbaden-Biebrich"]
[Date "2025.08.29"]
[Round "2.33"]
[White "Musiienko, Platon"]
[Black "Faßler, Felix"]
[Result "1-0"]
[WhiteElo "2083"]
[BlackElo "1822"]
[PlyCount "81"]
[EventDate "2025.08.28"]
[WhiteTeam "Wiesbadener SV 1885"]
[BlackTeam "SC Fulda"]

1. e4 c5 2. c3 d5 3. exd5 Qxd5 4. Nf3 Nc6 5. Na3 Nf6 6. Be2 e6 7. O-O Qd8 8. Nc2 Bd6 9. d4 cxd4 10. Ncxd4 O-O 11. Bg5 a6 12. Nxc6 bxc6 13. Qa4 Qc7 14. Bxf6 gxf6 15. Rad1 Bb7 16. Qg4+ Kh8 17. Qh4 Be7 18. Rd2 c5 19. Rfd1 Rad8 20. Bd3 f5 21. Ng5 Bxg5 22. Qxg5 f6 23. Qh6 Rf7 24. Bf1 Rg8 25. Qh3 Rfg7 26. f3 Qf4 27. Rd7 Bd5 28. Rxg7 Rxg7 29. Bxa6 Qe3+ 30. Kf1 c4 31. a4 Rd7 32. Qg3 f4 33. Qf2 Qe5 34. Bb5 Rd6 35. h3 Qf5 36. Kg1 e5 37. Bxc4 e4 38. fxe4 Qxe4 39. Bxd5 Rxd5 40. Rxd5 Qxd5 41. Qxf4 1-0

[Event "34.Schlosspark-Open"]
[Site "Wiesbaden-Biebrich"]
[Date "2025.08.29"]
[Round "2.34"]
[White "Feick, Claas Marten"]
[Black "Weber, Nikita"]
[Result "0-1"]
[WhiteElo "1872"]
[BlackElo "2082"]
[PlyCount "70"]
[EventDate "2025.08.28"]
[WhiteTeam "SF Neuberg"]
[BlackTeam "Vorw.Orient Mainz"]

1. e4 e6 2. d4 d5 3. e5 c5 4. c3 Nc6 5. Nf3 Qb6 6. Bd3 cxd4 7. O-O Bd7 8. Re1 Nge7 9. h4 h6 10. Nbd2 dxc3 11. bxc3 Na5 12. Rb1 Qc7 13. Nb3 Nec6 14. Be3 Nxb3 15. Qxb3 Na5 16. Qb2 Bc5 17. Nd4 a6 18. Qe2 b5 19. Qg4 Bf8 20. Bg6 Bc8 21. Nxe6 Qe7 22. Nc7+ Qxc7 23. e6 Kd8 24. Bxf7 Nc4 25. Bg5+ hxg5 26. Qxg5+ Qe7 27. Qxd5+ Kc7 28. Qxa8 Qxh4 29. g3 Qh2+ 30. Kf1 Bb7 31. Qxb7+ Kxb7 32. e7 Qh1+ 33. Ke2 Qe4+ 34. Kd1 Qd3+ 35. Kc1 Qd2# 0-1

[Event "34.Schlosspark-Open"]
[Site "Wiesbaden-Biebrich"]
[Date "2025.08.29"]
[Round "2.36"]
[White "Jansen, Malte"]
[Black "Burkart, Lloyd Shang"]
[Result "0-1"]
[WhiteElo "1891"]
[BlackElo "2080"]
[PlyCount "94"]
[EventDate "2025.08.28"]
[WhiteTeam "SC Mattmeister Karben 1998"]
[BlackTeam "SV 1920 Hofheim"]

1. e4 c5 2. Nf3 e6 3. d4 cxd4 4. Nxd4 a6 5. Be3 Nf6 6. Nd2 d6 7. c4 b6 8. f3 Bb7 9. Be2 Be7 10. O-O O-O 11. Nb1 Nbd7 12. Nc3 Re8 13. Qc2 d5 14. Rfd1 e5 15. cxd5 exd4 16. Bxd4 Rc8 17. Qd2 Bc5 18. Bxc5 Nxc5 19. Qd4 Qd6 20. Bf1 Rcd8 21. b4 Ncd7 22. a4 Qe5 23. Ne2 Rc8 24. b5 a5 25. Qxe5 Nxe5 26. Nd4 g6 27. Nc6 Kg7 28. Rd4 g5 29. Rad1 Nfd7 30. Kf2 Nc5 31. g3 Nb3 32. Bh3 g4 33. fxg4 Nxd4 34. Rxd4 Bxc6 35. bxc6 Nxc6 36. dxc6 Rxc6 37. Bf1 Ree6 38. g5 Red6 39. Rd5 Rxd5 40. exd5 Rc5 41. Bg2 Rc4 42. Ke3 Rxa4 43. d6 Kf8 44. Bc6 Rc4 45. Bb5 Rc5 46. Bd3 Rxg5 47. Ke4 Ke8 0-1

[Event "34.Schlosspark-Open"]
[Site "Wiesbaden-Biebrich"]
[Date "2025.08.29"]
[Round "2.37"]
[White "Hensel, Roman"]
[Black "Schupp, Tobias"]
[Result "0-1"]
[WhiteElo "1806"]
[BlackElo "2071"]
[PlyCount "70"]
[EventDate "2025.08.28"]
[WhiteTeam "SV Oberursel"]
[BlackTeam "SK Niederbrechen 1948"]

1. e4 c5 2. Nf3 e6 3. g3 d5 4. exd5 exd5 5. d4 Nf6 6. Bg2 Be7 7. dxc5 Bxc5 8. O-O O-O 9. Nc3 h6 10. Qd3 Nc6 11. a3 Re8 12. b4 Bb6 13. h3 a5 14. b5 Ne7 15. Nd4 Bxd4 16. Qxd4 Bf5 17. Bxh6 Bxc2 18. Bg5 Nf5 19. Bxf6 Nxd4 20. Bxd8 Rexd8 21. Nxd5 Nxb5 22. Ne3 Bd3 23. Rfd1 Rab8 24. Rdc1 Nd4 25. Rc7 Be2 26. Rb1 b5 27. Bd5 Bh5 28. Kg2 Rxd5 29. Nxd5 Bf3+ 30. Kf1 Bxd5 31. Rd1 Ne6 32. Ra7 Bc4+ 33. Kg2 b4 34. axb4 axb4 35. Rdd7 b3 0-1

[Event "34.Schlosspark-Open"]
[Site "Wiesbaden-Biebrich"]
[Date "2025.08.29"]
[Round "2.38"]
[White "Duizendstra, Ben"]
[Black "Dörr, Tarik"]
[Result "0-1"]
[WhiteElo "1591"]
[BlackElo "2010"]
[PlyCount "84"]
[EventDate "2025.08.28"]
[WhiteTeam "SK Bad Schwalbach"]
[BlackTeam "SC Einrich e.V."]

1. Nf3 Nf6 2. d4 g6 3. c4 Bg7 4. Nc3 d5 5. cxd5 Nxd5 6. e4 Nxc3 7. bxc3 c5 8. Be2 Nc6 9. Be3 Bg4 10. e5 O-O 11. O-O Qc7 12. Ne1 Bxe2 13. Qxe2 e6 14. f4 cxd4 15. cxd4 Rfd8 16. Nf3 Rd5 17. Rfd1 Rad8 18. Qb2 Qd7 19. Rab1 b5 20. Qc3 b4 21. Qb2 Bf8 22. Rbc1 a5 23. Rc4 Na7 24. Ng5 Nb5 25. Rd2 Nc3 26. a3 h6 27. Nf3 Rc8 28. Rxc8 Qxc8 29. Rc2 Qa6 30. axb4 axb4 31. Bd2 Ne2+ 32. Kf2 b3 33. Qxb3 Nxd4 34. Nxd4 Rxd4 35. Be3 Rd1 36. Ra2 Qf1+ 37. Kg3 Rd3 38. Ra1 Rxb3 39. Rxf1 Rxe3+ 40. Kg4 h5+ 41. Kg5 Kg7 42. f5 Rxe5 0-1

[Event "34.Schlosspark-Open"]
[Site "Wiesbaden-Biebrich"]
[Date "2025.08.29"]
[Round "2.39"]
[White "Engel, Bruno"]
[Black "Wernicke, Dieter"]
[Result "1-0"]
[WhiteElo "2192"]
[BlackElo "1631"]
[PlyCount "63"]
[EventDate "2025.08.28"]
[WhiteTeam "Lübecker SV von 1873"]
[BlackTeam "SV Mainspitze Ginsheim"]

1. Nc3 Nf6 2. d4 d5 3. Bf4 a6 4. e3 Bf5 5. Nf3 e6 6. Ne5 c5 7. g4 cxd4 8. exd4 Bg6 9. h4 h6 10. Nxg6 fxg6 11. Bd3 Kf7 12. Rg1 Nc6 13. Be3 Nb4 14. Be2 Be7 15. a3 Nc6 16. Bd3 e5 17. dxe5 Nxe5 18. Be2 Nc4 19. Bxc4 dxc4 20. Qf3 Kg8 21. g5 hxg5 22. hxg5 Nh5 23. Qe4 Qe8 24. Qxc4+ Kh7 25. O-O-O Rf8 26. Nd5 Rc8 27. Qd3 Rd8 28. Rh1 Kh8 29. Qb3 b5 30. Rde1 Qf7 31. Nf4 Qxb3 32. Nxg6+ 1-0

[Event "34.Schlosspark-Open"]
[Site "Wiesbaden-Biebrich"]
[Date "2025.08.29"]
[Round "2.40"]
[White "Kappeler, Georg"]
[Black "Raasch, Jörg"]
[Result "1/2-1/2"]
[WhiteElo "1768"]
[BlackElo "2195"]
[PlyCount "141"]
[EventDate "2025.08.28"]
[WhiteTeam "SK Marburg 1931/72"]
[BlackTeam "Klub Kölner SF e. V."]

1. c4 e6 2. g3 d5 3. Bg2 Nf6 4. Nf3 Be7 5. O-O O-O 6. d4 Nbd7 7. Nc3 c6 8. Nd2 b6 9. e4 dxe4 10. Ndxe4 Bb7 11. Bf4 Nxe4 12. Nxe4 Nf6 13. Nxf6+ Bxf6 14. Be5 Qe7 15. Qf3 Rfd8 16. Rfd1 Rd7 17. Bxf6 Qxf6 18. Qxf6 gxf6 19. Rd2 Rad8 20. Rad1 Kf8 21. Kf1 Ba6 22. b3 c5 23. d5 b5 24. d6 bxc4 25. bxc4 Bxc4+ 26. Ke1 Bb5 27. Rc1 c4 28. a4 Bxa4 29. Rxc4 Bb5 30. Rc7 a6 31. Rxd7 Rxd7 32. Bf1 Ke8 33. Bxb5 axb5 34. Kd1 Ra7 35. Rb2 Ra5 36. Rb4 Kd7 37. Rh4 Ra2 38. Ke1 Kxd6 39. Rxh7 b4 40. Rxf7 b3 41. Rb7 b2 42. Kd1 b1=Q+ 43. Rxb1 Rxf2 44. Rb6+ Ke5 45. Rb5+ Ke4 46. Rb4+ Kf5 47. h4 Rg2 48. Rf4+ Ke5 49. Rf3 f5 50. Ke1 Ke4 51. Ra3 e5 52. Kf1 Rb2 53. Ke1 Rh2 54. Kf1 f4 55. gxf4 exf4 56. Ra4+ Kf3 57. Ra3+ Kg4 58. Kg1 Rxh4 59. Kg2 Rh5 60. Rb3 Ra5 61. Rc3 Ra2+ 62. Kf1 Ra1+ 63. Kf2 Rh1 64. Kg2 Re1 65. Kf2 Rd1 66. Ke2 Rd4 67. Kf2 Ra4 68. Rb3 f3 69. Rb8 Ra2+ 70. Kf1 Ra5 71. Kf2 1/2-1/2

[Event "34.Schlosspark-Open"]
[Site "Wiesbaden-Biebrich"]
[Date "2025.08.29"]
[Round "2.41"]
[White "Minor, Samuel"]
[Black "Launert, Martin"]
[Result "1-0"]
[WhiteElo "2186"]
[BlackElo "1855"]
[PlyCount "29"]
[EventDate "2025.08.28"]
[WhiteTeam "Wiesbadener SV 1885"]
[BlackTeam "Schachfreunde Eltville"]

1. f4 d5 2. d3 c5 3. Nf3 Nc6 4. g3 Nf6 5. Bg2 g6 6. O-O Bg7 7. Qe1 O-O 8. e4 dxe4 9. dxe4 Bd7 10. Nc3 e6 11. e5 Nd5 12. Ne4 b6 13. c4 Nde7 14. g4 Nb4 15. Qh4 1-0

[Event "34.Schlosspark-Open"]
[Site "Wiesbaden-Biebrich"]
[Date "2025.08.29"]
[Round "2.42"]
[White "Wagner, Cosima Thien-An"]
[Black "Derr, Oleg"]
[Result "0-1"]
[WhiteElo "1837"]
[BlackElo "2146"]
[PlyCount "48"]
[EventDate "2025.08.28"]
[WhiteTeam "TV Tegernsee"]
[BlackTeam "VSG 1880 Offenbach"]

1. c4 e6 2. g3 Nf6 3. Bg2 d5 4. Nf3 Bd6 5. O-O O-O 6. b3 Nc6 7. d4 dxc4 8. bxc4 e5 9. Bb2 exd4 10. Nxd4 Ne5 11. Qc2 Qe7 12. Nd2 c6 13. Nf5 Bxf5 14. Qxf5 Rfe8 15. Qc2 Rad8 16. Rfd1 Neg4 17. e3 Nxf2 18. Bxf6 Qxe3 19. Bd4 Qxd4 20. Nf3 Qxd1+ 21. Rxd1 Nxd1 22. c5 Bf8 23. Ng5 Re1+ 24. Bf1 Rxf1+ 0-1

[Event "34.Schlosspark-Open"]
[Site "Wiesbaden-Biebrich"]
[Date "2025.08.29"]
[Round "2.43"]
[White "Klein, Levent"]
[Black "Ziska, Stephan"]
[Result "1-0"]
[WhiteElo "2107"]
[BlackElo "1835"]
[PlyCount "157"]
[EventDate "2025.08.28"]
[WhiteTeam "SK Kaiserslautern 1905"]
[BlackTeam "SF Bürstadt"]

1. d4 d5 2. Nf3 Nf6 3. g3 Bf5 4. Bg2 e6 5. O-O Bd6 6. c4 c6 7. Nc3 Nbd7 8. b3 Ne4 9. Bb2 h6 10. Nd2 Nxc3 11. Bxc3 Nf6 12. Qc1 Qe7 13. Re1 O-O 14. e4 dxe4 15. Nxe4 Bxe4 16. Bxe4 Nxe4 17. Rxe4 Bb4 18. Bb2 Qg5 19. Qc2 Rad8 20. Rd1 Qg6 21. Qe2 Rfe8 22. Rg4 Qf5 23. Rf4 Qg6 24. h4 f5 25. Rf3 Bd6 26. Qd3 Qg4 27. Re1 Bc7 28. Qe2 Ba5 29. Rd1 Bc7 30. Re3 Qxe2 31. Rxe2 Kf7 32. Red2 Rd7 33. d5 exd5 34. cxd5 cxd5 35. Rxd5 Re1+ 36. Rxe1 Rxd5 37. Bxg7 Ba5 38. b4 Bxb4 39. Rb1 Kxg7 40. Rxb4 b5 41. a4 bxa4 42. Rb7+ Kg6 43. Rxa7 Rd1+ 44. Kg2 Rd4 45. Ra6+ Kh5 46. Ra5 Kg6 47. h5+ Kg5 48. Kh3 Kxh5 49. Rxf5+ Kg6 50. Ra5 Kf6 51. f4 Kg6 52. Ra6+ Kg7 53. Kg4 Rc4 54. Kf5 Rc5+ 55. Ke4 Rc4+ 56. Ke5 Rb4 57. Ra5 Rb3 58. g4 a3 59. Kf5 Rc3 60. Ra7+ Kg8 61. Kg6 Rc6+ 62. Kh5 Rc4 63. f5 Rc6 64. Rxa3 Kg7 65. Ra7+ Kg8 66. Re7 Rc4 67. Re6 Kg7 68. Rg6+ Kf7 69. Rxh6 Kg7 70. Rd6 Rf4 71. Kg5 Rb4 72. Rd7+ Kg8 73. f6 Kf8 74. Kf5 Kg8 75. g5 Rb5+ 76. Kg6 Rb8 77. Rg7+ Kh8 78. Rh7+ Kg8 79. f7+ 1-0

[Event "34.Schlosspark-Open"]
[Site "Wiesbaden-Biebrich"]
[Date "2025.08.29"]
[Round "2.44"]
[White "Li, Maxim"]
[Black "Brauch, Manfred"]
[Result "1-0"]
[WhiteElo "2066"]
[BlackElo "1801"]
[PlyCount "41"]
[EventDate "2025.08.28"]
[WhiteTeam "Wiesbadener SV 1885"]
[BlackTeam "SG Pieroth/Burg Layen"]

1. e4 d6 2. d4 Nd7 3. Nc3 e5 4. f4 Ngf6 5. Nf3 Be7 6. dxe5 Nh5 7. g4 Bh4+ 8. Ke2 Qe7 9. Nd5 Qd8 10. gxh5 O-O 11. Nxc7 Qxc7 12. Nxh4 Re8 13. Kf3 dxe5 14. f5 Nf6 15. Bd3 Nxh5 16. Rg1 Bd7 17. Qe2 a6 18. Qg2 g6 19. fxg6 Be6 20. gxh7+ Kh8 21. Qg5 1-0

[Event "34.Schlosspark-Open"]
[Site "Wiesbaden-Biebrich"]
[Date "2025.08.29"]
[Round "2.45"]
[White "Regis, Georg"]
[Black "Fröhlich-Dill, Astrid"]
[Result "1-0"]
[WhiteElo "2074"]
[BlackElo "1786"]
[PlyCount "149"]
[EventDate "2025.08.28"]
[WhiteTeam "Vorw.Orient Mainz"]
[BlackTeam "SV 1920 Hofheim"]

1. Nf3 d5 2. b3 Nf6 3. Bb2 c5 4. e3 Nc6 5. Bb5 Bd7 6. O-O e6 7. d3 Be7 8. Nbd2 O-O 9. Bxc6 Bxc6 10. Ne5 Qc7 11. f4 Rad8 12. Ndf3 Nd7 13. Qe2 f6 14. Nxc6 Qxc6 15. c4 Rde8 16. Rac1 Bd6 17. cxd5 exd5 18. Nd4 Qb6 19. Nf5 Rf7 20. Qf3 Bf8 21. Qxd5 g6 22. Ng3 Rxe3 23. Rce1 Rxe1 24. Rxe1 Qd6 25. Qf3 f5 26. Nf1 Nb6 27. h4 Rd7 28. Re3 Qd5 29. Qg3 Qf7 30. h5 Nd5 31. Re2 Bg7 32. Bxg7 Qxg7 33. Re8+ Kf7 34. Re5 Nf6 35. hxg6+ hxg6 36. Qf3 Ng4 37. Rd5 Kf8 38. Ne3 Qa1+ 39. Nf1 Rxd5 40. Qxd5 Qd4+ 41. Qxd4 cxd4 42. Ng3 Ne3 43. Ne2 Nc2 44. Kf2 Ke7 45. g4 Ke6 46. Kg3 Kd5 47. Kh4 Ne1 48. gxf5 gxf5 49. Nc1 Nc2 50. Kg5 Ne3 51. Ne2 Nd1 52. Kxf5 Nc3 53. Nc1 Kd6 54. Kf6 Nd5+ 55. Kf5 Nc3 56. a3 b5 57. b4 Kd5 58. Kg6 Kd6 59. Nb3 Nd5 60. Kg5 Nb6 61. Nxd4 a6 62. f5 Kd5 63. Ne6 Kd6 64. Nf4 Nd7 65. f6 Nf8 66. Kh6 Nd7 67. Kg7 Ke5 68. Ng6+ Ke6 69. f7 Kd5 70. Nf4+ Ke5 71. Ne2 Kf5 72. f8=Q+ Nxf8 73. Kxf8 Kg4 74. d4 Kf5 75. Ke7 1-0

[Event "34.Schlosspark-Open"]
[Site "Wiesbaden-Biebrich"]
[Date "2025.08.29"]
[Round "2.46"]
[White "Gundlach, Michael"]
[Black "Morgen, Andreas"]
[Result "1-0"]
[WhiteElo "2070"]
[BlackElo "1766"]
[PlyCount "79"]
[EventDate "2025.08.28"]
[WhiteTeam "Sfr.Mainz 1928"]
[BlackTeam "SK Marburg 1931/72"]

1. c4 c5 2. g3 Nf6 3. Bg2 d5 4. cxd5 Nxd5 5. Nc3 Nc7 6. Nf3 Nc6 7. O-O e5 8. Ne1 Bd7 9. Nd3 f6 10. b3 Be7 11. Bb2 O-O 12. f4 Kh8 13. fxe5 fxe5 14. Ne4 b6 15. Nxe5 Nxe5 16. Bxe5 Bc6 17. Qc2 Ne6 18. Rxf8+ Nxf8 19. e3 Nd7 20. Bc3 Rc8 21. Rf1 Qe8 22. Rf4 Qg6 23. Bh3 Bf6 24. Bf5 Bxe4 25. Qxe4 Qf7 26. Bxh7 Nf8 27. Bxf6 gxf6 28. Bf5 Re8 29. Rh4+ Kg7 30. Qf4 Qd5 31. Qh6+ Kf7 32. Qh5+ Ke7 33. Re4+ Kd6 34. Qxe8 Qxf5 35. Qxf8+ Kd5 36. Qa8+ Kd6 37. Qd8+ Kc6 38. Qe8+ Kb7 39. Re7+ Ka6 40. Qa4# 1-0

[Event "34.Schlosspark-Open"]
[Site "Wiesbaden-Biebrich"]
[Date "2025.08.29"]
[Round "2.47"]
[White "Vick, Edward"]
[Black "Reschke, Thomas"]
[Result "1/2-1/2"]
[WhiteElo "1719"]
[BlackElo "2065"]
[PlyCount "48"]
[EventDate "2025.08.28"]
[WhiteTeam "TuS Makkabi Wiesbaden"]
[BlackTeam "SC Frankfurt-West"]

1. e4 g6 2. d4 Bg7 3. Nc3 d6 4. Be3 a6 5. h4 h5 6. Qd2 b5 7. a3 Nd7 8. Be2 Bb7 9. Bf3 c5 10. dxc5 dxc5 11. e5 Bxf3 12. Nxf3 Nxe5 13. Qxd8+ Rxd8 14. Nxe5 Bxe5 15. Bxc5 Nh6 16. O-O Nf5 17. g3 Rc8 18. Bb4 Nd4 19. f4 Bf6 20. Rf2 Nc6 21. Kg2 O-O 22. Bc5 Na5 23. Bb4 Nc4 24. Nd5 Rfe8 1/2-1/2

[Event "34.Schlosspark-Open"]
[Site "Wiesbaden-Biebrich"]
[Date "2025.08.29"]
[Round "2.49"]
[White "John, Volkmar"]
[Black "Wagner, Stefan"]
[Result "0-1"]
[WhiteElo "1756"]
[BlackElo "1984"]
[PlyCount "22"]
[EventDate "2025.08.28"]
[WhiteTeam "SK Herborn 1946"]
[BlackTeam "SC Landskrone"]

1. c4 c6 2. g3 d5 3. Bg2 Nf6 4. Nf3 dxc4 5. Na3 b5 6. Nxb5 cxb5 7. Ne5 Nd5 8. b3 e6 9. bxc4 bxc4 10. Qa4+ Nd7 11. Nxc4 Bb7 0-1

[Event "34.Schlosspark-Open"]
[Site "Wiesbaden-Biebrich"]
[Date "2025.08.29"]
[Round "2.50"]
[White "Drygalla, Alexander"]
[Black "Pioch, Thomas"]
[Result "0-1"]
[WhiteElo "1689"]
[BlackElo "2007"]
[PlyCount "70"]
[EventDate "2025.08.28"]
[WhiteTeam "Schachverein Merseburg"]
[BlackTeam "SC Flörsheim 1921"]

1. e4 e6 2. d4 d5 3. Nc3 Bb4 4. e5 c5 5. a3 Bxc3+ 6. bxc3 Qc7 7. Nf3 b6 8. Bd3 h6 9. O-O Ne7 10. Be3 Ba6 11. Bxa6 Nxa6 12. Qe2 c4 13. a4 Qd7 14. Nh4 Nf5 15. Nxf5 exf5 16. a5 O-O 17. Rfe1 Nc7 18. Bc1 Rfe8 19. f4 Nb5 20. Bb2 Re6 21. Qf3 Rd8 22. Ra2 bxa5 23. Rxa5 Rb6 24. Ba3 Nxa3 25. Rxa3 Rdb8 26. Rea1 Rb1+ 27. Kf2 Rxa1 28. Rxa1 Rb2 29. Ra6 Rxc2+ 30. Kg3 Qb7 31. Rd6 Qb2 32. Qxd5 Rxc3+ 33. Kh4 Qf2+ 34. Kh5 Qe2+ 35. Kh4 Qg4# 0-1

[Event "34.Schlosspark-Open"]
[Site "Wiesbaden-Biebrich"]
[Date "2025.08.29"]
[Round "2.51"]
[White "Gerber, Ingo"]
[Black "Fucik, Timo"]
[Result "1/2-1/2"]
[WhiteElo "1708"]
[BlackElo "1936"]
[PlyCount "29"]
[EventDate "2025.08.28"]
[WhiteTeam "Sfr.Mainz 1928"]
[BlackTeam "SK 1926 Ettlingen"]

1. d4 d5 2. Bf4 Nf6 3. e3 c5 4. c3 Nc6 5. Nd2 Bf5 6. dxc5 e5 7. Bg3 Bxc5 8. Bb5 Bd6 9. Ngf3 Nd7 10. Nc4 dxc4 11. Qxd6 Qe7 12. Qxe7+ Kxe7 13. Bxc4 h5 14. h3 f6 15. O-O-O 1/2-1/2

[Event "34.Schlosspark-Open"]
[Site "Wiesbaden-Biebrich"]
[Date "2025.08.29"]
[Round "2.52"]
[White "Rödiger, Thomas"]
[Black "Schneider, Felix"]
[Result "1/2-1/2"]
[WhiteElo "1977"]
[BlackElo "1749"]
[PlyCount "57"]
[EventDate "2025.08.28"]
[WhiteTeam "SC Bad Soden"]
[BlackTeam "SK Bad Homburg 1927"]

1. d4 Nf6 2. c4 g6 3. Nc3 d5 4. cxd5 Nxd5 5. e4 Nxc3 6. bxc3 Bg7 7. Bc4 c5 8. Ne2 O-O 9. O-O Nc6 10. Be3 Bg4 11. f3 Na5 12. Bxf7+ Rxf7 13. fxg4 Rxf1+ 14. Kxf1 Qd6 15. e5 Qe6 16. Nf4 Qc4+ 17. Qd3 g5 18. Qxc4+ Nxc4 19. Nd5 e6 20. Ne7+ Kf7 21. Bxg5 h6 22. Bh4 Bf8 23. Ke2 Bxe7 24. Rf1+ Ke8 25. Bxe7 Kxe7 26. Rf6 Rh8 27. Rg6 Kf7 28. Rf6+ Ke7 29. Rg6 1/2-1/2